000 00520nam a2200157Ia 4500
005 20250508152534.0
008 008 250505s9999 xx 000 0 eng d
037 _aBooks to be hide in OPAC
040 _aFEDL
_beng
_cFEDL
041 _aeng
_2eng
084 _a030, PEA
_qFEDL
245 0 _aPears cyclopaedia: a book of reference and background information for everyday use sixty-eight edition, 1959-60
260 _aLondon, UK
_bL Mary Barker
_c1959
942 _cHB
_h030, PEA
999 _c1337097
_d1337097